000 00702nam a22002297a 4500
005 20170124105911.0
010 _aA-305650
020 _c125.00
_a8170000297
035 _aA-305650
037 _bCen Lib/Ret
040 _aDPL
_bEN
082 _a021.2
_bSHA
100 _aSharma, Pandey S.K.
_929
245 _aLibraries and society /
_cby Pandey S. K. Sharma
260 _aNew Delhi
_bEss Ess Publications
_c1987
270 _a4837/24,Ansari road
_bNew Delhi
_e110002
300 _avii,176p.
_c20cm(Hb)
500 _aIncludes bibliographical reference and index
650 _aLibrary Science
_9112503
650 _aLibrary Management
_9112504
942 _2ddc
_cEN
_h021.2
_mSHA
999 _c122520
_d122520